000 00776nam a2200253Ia 4500
003 OSt
005 20221006143218.0
006 a|||||r|||| 00| 0
007 ta
008 221006b |||||||| |||| 00| 0 eng d
020 _cP45.00
024 _a8,354
037 _cTextual
040 _aEASL
_cEASL
_beng
041 _2eng
_aeng
082 _aX:991.42.N2, N3
100 _aISHIDA Hiroshi
_9649415
245 0 _aSocial mobility in contemporary Japan
_b Educational credentials, class and the labour market in a cross-national perspective
260 _aLondon
_bMacmillan Press
_c1993
300 _a310p.
_ccm.
490 _v JEL
_aST Antony's/Macmillan series
942 _hX:991.42.N2, N3
_cTEXL
_2CC
999 _c1076440
_d1076440